000 01116cam a2200337 a 4500
001 5940
003 FISKH
005 20250210114305.0
008 860207s1986 nyu j 000 1 eng
010 _a 86002679
020 _a0899194397
020 _a9780440466338
040 _aDLC
_beng
_cDLC
_dDLC
042 _alcac
050 _aPZ7.B3262 O
082 _a 813
100 1 _aBauer, Marion Dane
_d(1938-)
245 1 0 _aOn my honor /
_cMarion Dane Bauer.
250 _aThis edition first published in 1986
260 _aNew York :
_bA Yearling Books,
_c1986.
300 _a90 pages :
_c20 cm.
505 _aR
520 _aWhen his best friend drowns while they are both swimming in a treacherous river that they had promised never to go near, Joel is devastated and terrified at having to tell both sets of parents the terrible consequences of their disobedience.
521 8 _a660
_bLexile
521 8 _aR
_bRaz-Plus
650 1 _aObedience
_vFiction.
650 1 _aAccidents
_vFiction.
906 _a7
_bcbc
_corignew
_d1
_eocip
_f19
_gy-gencatlg
942 _2ddc
_cBK
_n0
999 _c5940
_d5940